书目信息 |
| 题名: |
九亭宫
|
|
| 作者: | 潘庆舲 | |
| 分册: | ||
| 出版信息: | 上海 上海译文出版社 1982 |
|
| 页数: | 227页 | |
| 开本: | 20cm | |
| 丛书名: | ||
| 单 册: | ||
| 中图分类: | I37.22 | |
| 科图分类: | ||
| 主题词: | 文学 | |
| 电子资源: | ||
| ISBN: | ||
| 000 | 00537nam0 2200193 450 | |
| 001 | 0728815141 | |
| 005 | 20070819080015.14 | |
| 010 | @d¥0.67 | |
| 100 | @a20070819d km y0chiy0120 ea | |
| 101 | 0 | @achi |
| 200 | 1 | @a九亭宫@Ajiu ting gong@e古代波斯故事集@f潘庆舲@Fpan qing ling |
| 210 | @a上海@c上海译文出版社@d1982 | |
| 215 | @a227页@d20cm | |
| 517 | 1 | @a古代波斯故事集@Agu dai bo si gu shi ji |
| 606 | 0 | @a文学 |
| 690 | @aI37.22@v3 | |
| 701 | 0 | @a潘庆舲@Apan qing ling |
| 801 | 0 | @aCN@bPFT@c20070819 |
| 905 | @a213230@dI37.22@eZW35@f1 | |
| 九亭宫:古代波斯故事集/潘庆舲.-上海:上海译文出版社,1982 |
| 227页;20cm |
| ISBN :¥0.67 |
| ● |
| 相关链接 |
|
|
|
|
正题名:九亭宫
索取号:I37.22/ZW35
 
预约/预借
| 序号 | 登录号 | 条形码 | 馆藏地/架位号 | 状态 | 备注 |
| 1 | 7602599 | 276025999 | 密集书库-资源管理系/ [索取号:I37.22/ZW35] | 在馆 | |
| 2 | 7602600 | 276026006 | 密集书库-资源管理系/ [索取号:I37.22/ZW35] | 在馆 | |
| 3 | 7602601 | 276026015 | 密集书库-资源管理系/ [索取号:I37.22/ZW35] | 在馆 |